Cameroon players in European Big Five (2000-) - Statistics

General Stats
  • This quiz has been taken 34 times
  • The average score is 19 of 163
Answer Stats
Ranking Player Positions Nationality Matches Goals (assists) Periods Clubs % Correct
142 Etienne Eto'o FW 2 0 (0) 2024-2025
100%
1 Samuel Eto'o FW 384 202 (60) 2000-2010, 2013-2015
100%
3 Eric Maxim Choupo-Moting MF, FW 353 75 (29) 2007-2008, 2009-2024
86%
4 Joël Matip DF, MF 344 26 (13) 2009-2024
83%
36 Marvin Matip DF, MF 112 3 (2) 2004-2005, 2008-2009, 2015-2017
83%
8 Andre-Frank Zambo Anguissa MF 303 11 (16) 2015-2025
79%
44 André Onana GK 96 0 (0) 2022-2025
79%
11 Alexandre Song DF, MF 260 8 (19) 2004-2016
72%
63 Jean Onana DF, MF 67 4 (2) 2019-2020, 2021-2025
72%
41 Rigobert Song DF 105 3 (0) 2000-2004
72%
2 Nicolas Nkoulou DF 378 11 (0) 2008-2022
62%
6 Carlos Kameni GK 335 0 (1) 2004-2012, 2014-2017
52%
39 Vincent Aboubakar FW 109 26 (12) 2010-2015
52%
10 Benoît Assou-Ekotto DF 272 4 (12) 2003-2012, 2015-2018
41%
15 Karl Toko Ekambi MF, FW 229 75 (29) 2016-2023
41%
20 Lauren DF 184 7 (8) 2000-2008
38%
23 Geremi DF, MF 172 13 (26) 2000-2009
34%
31 Bryan Mbeumo FW 140 42 (28) 2017-2018, 2021-2025
31%
49 Georges-Kévin N'Koudou MF, FW 84 7 (5) 2013-2020
28%
55 Marc-Vivien Foé MF 78 12 (0) 2000-2003
28%
17 Sébastien Bassong DF 219 6 (2) 2005-2006, 2007-2013, 2015-2016
28%
5 Allan Nyom DF, MF 341 5 (12) 2011-2021, 2024-2025
24%
52 Carlos Baleba MF 82 3 (1) 2022-2025
24%
40 Clinton N'Jie MF, FW 106 21 (14) 2012-2019
21%
95 Dani Ndi MF 21 1 (0) 2015-2017
21%
28 Pierre Womé DF 159 9 (9) 2000-2006, 2008-2010
21%
12 Stéphane Mbia DF, MF 250 16 (10) 2004-2014, 2018-2019
21%
21 Aurélien Chedjou DF 176 11 (2) 2007-2012, 2019-2020
17%
60 Eric Djemba-Djemba MF 73 1 (1) 2001-2007
17%
7 Jean Makoun MF 307 20 (27) 2002-2010, 2012-2015
17%
42 Paul-Georges Ntep MF, FW 102 20 (15) 2013-2018
17%
24 Charles Itandje GK 170 0 (0) 2002-2007
14%
22 Gaëtan Bong DF 174 3 (5) 2005-2006, 2007-2008, 2009-2013, 2017-2020
14%
69 Jackson Tchatchoua DF, MF 62 2 (5) 2023-2025
14%
32 Joseph-Désiré Job MF, FW 140 28 (13) 2000-2008
14%
88 Patrick M'Boma FW 33 6 (4) 2000-2002
14%
48 Pius Ndiefi FW 86 21 (9) 2000-2003
14%
56 Raymond Kalla DF 77 5 (1) 2002-2005
14%
34 Salomon Olembé MF 138 5 (6) 2000-2008
14%
121 Thomas Job MF 7 0 (0) 2003-2004, 2006-2007
14%
43 Timothée Atouba DF 101 2 (2) 2004-2009
14%
47 Valéry Mézague MF 89 7 (2) 2001-2006, 2008-2009
14%
19 Achille Emaná MF 198 34 (21) 2003-2009
10%
14 Adrien Tameze DF, MF 235 6 (8) 2017-2025
10%
35 Bill Tchato DF 114 1 (7) 2001-2006
10%
62 Daniel N'Gom Kome MF 69 3 (6) 2004-2005, 2006-2007, 2009-2010
10%
86 Jean-Hugues Ateba DF, MF 35 0 (0) 2001-2006
10%
18 Landry N'Guémo DF, MF 208 7 (5) 2005-2008, 2010-2015
10%
9 Modeste M'bami MF 286 3 (8) 2000-2011
10%
33 Mohammadou Idrissou FW 139 27 (14) 2002-2005, 2007-2008, 2009-2011
10%
16 Pierre Webó FW 226 47 (17) 2003-2011
10%
25 Benjamin Moukandjo MF, FW 165 47 (7) 2010-2012, 2014-2017
7%
90 Dany Nounkeu DF 32 1 (0) 2009-2010, 2014-2015
7%
77 Enzo Ebosse DF 56 0 (0) 2020-2025
7%
65 Enzo Tchato DF 66 1 (1) 2021-2025
7%
117 Franck Songo'o MF, FW 8 0 (0) 2005-2006, 2007-2008, 2009-2010
7%
85 Jacques Songo'o GK 36 0 (0) 2000-2001, 2003-2004
7%
75 Jacques Zoua FW 58 7 (4) 2013-2014, 2015-2016
7%
26 Jean-Armel Kana-Biyik DF 164 6 (0) 2008-2009, 2010-2015, 2021-2022
7%
105 Jean-Pierre Nsame FW 16 0 (1) 2015-2016, 2021-2022
7%
70 Lucien Mettomo DF 62 3 (0) 2000-2001, 2002-2006
7%
54 Pierre Kunde MF, FW 80 5 (0) 2018-2020, 2022-2023
7%
82 Pierre Njanka DF 38 0 (0) 2000-2001, 2002-2003
7%
112 Albert Meyong FW 12 1 (0) 2006-2008
3%
123 Aloys Nong FW 6 0 (0) 2013-2014
3%
66 André Bikey DF, MF 65 4 (0) 2006-2007, 2009-2010
3%
64 Christopher Wooh DF 66 1 (1) 2021-2025
3%
151 Daniel Maa Boumsong MF 1 0 (0) 2005-2006
3%
116 Eyong Enoh MF 9 0 (0) 2012-2013
3%
45 Georges Mandjeck DF, MF 95 3 (1) 2008-2009, 2010-2011, 2016-2018
3%
13 Henri Bedimo DF 241 3 (19) 2004-2005, 2009-2018
3%
27 Jean-Charles Castelletto DF, MF 164 5 (0) 2019-2025
3%
154 Jean Marie Dongou FW 1 0 (0) 2013-2014
3%
46 Joël Epalle MF, FW 92 8 (16) 2006-2010
3%
61 Marcel Ndjeng MF 73 4 (4) 2006-2007, 2008-2009, 2011-2012, 2013-2015
3%
53 Martin Hongla DF, MF 81 1 (0) 2016-2017, 2021-2024
3%
59 Nathan N'Goumou MF, FW 74 8 (3) 2018-2019, 2022-2025
3%
134 Olivier Kemen MF 4 0 (0) 2015-2017
3%
81 Olivier Ntcham MF 41 3 (2) 2015-2016, 2020-2021
3%
110 Patrick Ekeng MF 14 1 (1) 2014-2015
3%
131 Samuel Ipoua FW 5 0 (0) 2001-2002
3%
80 Somen Tchoyi MF 43 7 (1) 2010-2013
3%
98 Albert Baning MF 20 1 (0) 2006-2007, 2008-2009
0%
87 Alioum Saidou MF 33 0 (1) 2006-2007
0%
58 Ambroise Oyongo DF, FW 74 4 (1) 2017-2022
0%
140 Antonio Ghomsi DF 2 0 (0) 2006-2007
0%
94 Banana Yaya DF, MF 26 0 (0) 2011-2013
0%
99 Benoît Angbwa DF 20 0 (1) 2004-2005
0%
149 Bernard Nguene FW 1 0 (0) 2024-2025
0%
141 Bryan Djile Nokoué DF, MF 2 0 (0) 2021-2022
0%
150 Charlie Took DF 1 0 (0) 2012-2013
0%
93 Christian Bekamenga FW 27 5 (2) 2008-2009
0%
127 Cyril N'Diba 0 5 0 (0) 2002-2003
0%
152 Dany Maury DF 1 0 (0) 2013-2014
0%
84 Darlin Yongwa DF 36 2 (2) 2022-2024
0%
103 Didier Lamkel Zé MF, FW 18 4 (0) 2021-2022, 2023-2024
0%
100 Dorge Kouemaha FW 19 2 (1) 2011-2013
0%
136 Edgar Salli MF, FW 3 0 (0) 2018-2019
0%
83 Enzo Boyomo DF 37 2 (0) 2024-2025
0%
114 Fabrice Olinga MF, FW 10 1 (0) 2012-2014
0%
109 Faris Pemi Moumbagna FW 14 3 (1) 2023-2025
0%
79 Félix Eboa Eboa DF 50 4 (0) 2017-2019
0%
67 Francis Kioyo FW 65 4 (3) 2003-2004, 2006-2008
0%
143 Franck Evina FW 2 0 (0) 2017-2018
0%
144 Franck Njambe MF 2 0 (0) 2007-2008
0%
124 François Mughe DF, MF 6 0 (0) 2022-2024
0%
132 Franklin Wadja MF, FW 4 0 (0) 2020-2021
0%
72 Frank Magri MF, FW 60 10 (3) 2023-2025
0%
153 Frank Ongfiang MF 1 0 (0) 2001-2002
0%
74 George Elokobi DF 58 2 (2) 2009-2012
0%
145 Georges Ndoum DF 2 0 (0) 2007-2008
0%
37 Guy N'dy Assembé GK 111 0 (0) 2008-2009, 2011-2013, 2016-2017
0%
106 Guy Ngosso MF 15 1 (0) 2015-2016, 2017-2018
0%
71 Harold Moukoudi DF 61 3 (1) 2019-2022
0%
104 Henri Bienvenu FW 16 0 (0) 2012-2013, 2015-2016
0%
146 Henri Ewane-Elong MF 2 0 (0) 2006-2008
0%
78 Hervé Tum FW 52 12 (3) 2004-2006
0%
29 Ignatius Ganago MF, FW 153 23 (5) 2017-2025
0%
128 Jacques Momha DF 5 0 (0) 2002-2003, 2004-2005
0%
50 James Lea Siliki MF, FW 84 3 (5) 2016-2021
0%
96 Jean-Claude Billong DF 21 0 (0) 2017-2018, 2021-2023
0%
129 Jean-Emmanuel Effa Owona FW 5 0 (0) 2007-2008
0%
125 Jean-Jacques Ebentsi MF 6 0 (0) 2002-2003
0%
38 Jean-Joël Perrier-Doumbé DF 110 0 (2) 2000-2006, 2009-2010
0%
155 Jean-Landry Bassilekin FW 1 0 (0) 2012-2013
0%
133 Jérôme Onguéné DF 4 0 (0) 2020-2021
0%
156 Joël Tchami FW 1 0 (0) 2001-2002
0%
147 Jordan Dongmo MF 2 0 (0) 2022-2023
0%
137 Joseph Minala MF 3 0 (0) 2013-2014
0%
138 Jules Goda GK 3 0 (0) 2015-2016
0%
130 Karl Etta MF, FW 5 1 (0) 2023-2025
0%
101 Kévin Keben Biakolo DF 19 0 (0) 2022-2024
0%
115 Kévin Soni DF, MF, FW 10 0 (0) 2015-2016, 2017-2020
0%
126 Léonard Kweuke FW 6 0 (0) 2008-2009
0%
157 Louis Ngwat-Mahop MF, FW 1 0 (0) 2006-2007
0%
107 Mahamadou Nagida DF 15 2 (0) 2023-2025
0%
118 Marcus Mokaké MF 8 1 (0) 2006-2007
0%
158 Moïse Sakava MF 1 0 (0) 2020-2021
0%
113 Nicolas Alnoudji MF 12 0 (0) 2002-2003
0%
92 Oumar Gonzalez DF 30 0 (0) 2022-2023
0%
159 Patrick Noubissié MF 1 0 (0) 2001-2002
0%
160 Patrick N'Tolla DF 1 0 (0) 2005-2006
0%
73 Paul Alo'o FW 60 9 (1) 2009-2013
0%
111 Paul Essola MF 13 0 (0) 2001-2005
0%
119 Petrus Boumal MF 8 0 (0) 2011-2012, 2013-2014
0%
91 Pierre Boya FW 32 1 (1) 2008-2010
0%
161 Pierre Ebéde GK 1 0 (0) 2007-2008
0%
76 Raoul Loé MF 57 2 (2) 2011-2013, 2016-2017
0%
102 Roudolphe Douala MF, FW 19 0 (0) 2006-2008
0%
97 Serge Branco DF, MF 21 2 (2) 2000-2001, 2003-2004
0%
135 Simon Ebonog MF 4 0 (0) 2023-2024
0%
30 Stéphane Bahoken FW 153 33 (5) 2010-2012, 2017-2022
0%
162 Stephane Keller DF 1 0 (0) 2020-2021
0%
163 Steve Aldo One DF 1 0 (0) 2017-2018
0%
148 Théophile N'Tamé DF 2 0 (0) 2010-2011
0%
89 Thierry Gathuessi DF, MF 33 0 (2) 2001-2004
0%
51 Tristan Dingomé MF, FW 83 3 (8) 2017-2023
0%
108 Wilfrid Kaptoum MF 15 0 (0) 2018-2020
0%
120 Wilfried Ndollo DF 8 0 (0) 2024-2025
0%
139 Wilitty Younoussa MF 3 0 (0) 2020-2021
0%
68 Yan Brice Eteki MF 65 0 (0) 2019-2022
0%
122 Yannick M'Boné DF, MF 7 0 (0) 2011-2012
0%
57 Yvan Neyou MF 77 2 (3) 2020-2021, 2024-2025
0%
No matching quizzes found
Score Distribution
Percent of People with Each Score
Percentile by Number Answered
Your Score History
You have not taken this quiz